| 000 | 01578nam a22002657a 4500 | ||
|---|---|---|---|
| 001 | 6125 | ||
| 003 | FISKH | ||
| 005 | 20250520162707.0 | ||
| 008 | 250317b cb ||||| |||| 00| 0 eng d | ||
| 020 | _a9789996333415 | ||
| 040 |
_aFISKH _bKhmer _cFISKH _dFISKH |
||
| 050 | _aPZ7 | ||
| 082 | _a800 | ||
| 100 | _aSokheng, Kong | ||
| 245 |
_aវេយ្យាករណ៏ខ្មែរនិងបំណិនផ្សេងៗ : _bសម្រាប់ថ្នាក់មធ្យមសិក្សាចំណេះទូទៅ : ស្របតាមកម្មវិធីសិក្សារបស់ក្រសួងអប់រំ យុវជន និងកីឡា / _cរៀបរៀងនិងចងក្រងដោយ គង់ សុខហេង |
||
| 250 | _aកំណែប្រែនិងបោះពុម្ពលេីកទី៦ | ||
| 260 |
_aPhnom Penh : _bPai Net Publishing ; _c2017. |
||
| 300 |
_a350 pages : _bcolor illustrations ; _c20 cm . |
||
| 520 | _aជាជំនួយដល់សិស្សមធ្យមសិក្សាងាយស្រួលក្នុងការសិក្សាវេយ្យាករណ៏ខ្មែរអោយកាន់តែច្បាស់លាស់ថែមទៀត ។ | ||
| 520 | _aTo help secondary school students easily study Khmer grammar more clearly. | ||
| 650 | _aវេយ្យាករណ៏ខ្មែរនិងបំណិនផ្សេងៗ | ||
| 650 | _aKhmer grammar and other skills | ||
| 942 |
_2ddc _cBK _n0 |
||
| 999 |
_c6125 _d6125 |
||